Teplotne indukovaný spin crossover v komplexoch železa s benzimidazolylpyridínovými ligandami bakalárska práca

Saved in:
Bibliographic Details
Main Author: Šagátová, Alexandra
Format: Book
Language:Slovak
Published: Bratislava STU FCHPT 2018
Online Access:View in OPAC
Tags: Add Tag
No Tags, Be the first to tag this record!

MARC

LEADER 00000nam a2200000 a 4500
005 20260127134119.0
008 181011 2018 xo a 001 0 slo d
035 |a vtls011784462 
039 9 |y 201810111128  |z mschk03 
040 |a STUSCHK1  |b slo  |c STUSCHK1  |e AACR2 
100 1 |a Šagátová, Alexandra 
245 1 |a Teplotne indukovaný spin crossover v komplexoch železa s benzimidazolylpyridínovými ligandami  |b bakalárska práca  |c Alexandra Šagátová 
260 |a Bratislava  |b STU FCHPT  |c 2018 
300 |a 43 s.  |b il.  |c 25 cm 
500 |a Študijný program: chémia, medicínska chémia a chemické materiály 
500 |a Študijný odbor: chémia, chemické technológie 
500 |a Školiace pracovisko: Oddelenie anorganickej chémie 
500 |a Evid. číslo: FCHPT-13569-76501 
910 |a SCHK95 
999 |c 4376  |d 4376